zpět

Detail výsledku týmu

Barcelounoc - Vinohrady, Praha

Datum a čas kvízu

30.5 Celkem bodů Celkový počet nahraných bodů na tomto kvízu bez doplňovacích otázek.
5. Pořadí na kvízu Konečné umístění týmu na tomto kvízu.

Zaznamenané odpovědi

# Otázka Odpověď Body Výsledky
1. Manželka známého zločince se s... 1
2. Jihokorejec Kim Čong-jang byl... 0
3. Tři ženy v galerii mezinárodní... 1
4. Řada čínských e-shopů stáhla z... 0
5. Jak se jmenuje český útočník,... 1
6. Nedávno jsme zde probírali tém... 0
5. Špatné fungování tohoto orgánu... 0
5. Tato šedě růžová laločnatá žlá... 0
5. Jak se česky nazývá céva, ozna... 0
5. Kterým českým výrazem je pojme... 1